000
00269nam a2200109Ia 4500
001
1263889
005
20260417141928.0
008
260417s9999 xx 000 0 und d
020
_a
9786258094831
245
0
_a
Yaşamak
_c
Cahit Zarifoğlu
260
_b
Ketebe Yayınları
999
_c
1263889
_d
1263889